000 00903nam a2200229 i 4500
001 33731
003 ES-MaACL
005 20251009181316.0
007 t|
008 030203s1968 sp ||||1| spa d
100 1 _aBitar Letayf, Marcelo.
_929024
245 1 0 _aEconomistas españoles del siglo XVIII
_b: sus ideas sobre la libertad del comercio con Indias /
_cMarcelo Bitar Letayf ; prólogo de José Antonio Maravall.
260 _aMadrid :
_bCultura Hispánica,
_c1968.
300 _aXXVII, 257 p. ;
_c21 cm.
650 4 _aEconomistas-
_zEspaña-
_vHistoria.
_9168046
650 4 _aEconomía-
_zEspaña-
_yS.XVIII.
_9150793
651 4 _aEspaña-
_xComercio exterior-
_zAmérica española-
_yS.XVIII.
_9172645
651 4 _aAmérica española-
_xComercio exterior-
_zEspaña.
_9168845
700 1 _aMaravall, José Antonio,
_d1911-1986
_976329
852 _aES-MaACL
_jC-35215
999 _c33731
_d33731